Tìm hiểu việc ứng dụng công nghệ sau thu hoạch trong việc chế biến, bảo quản nông sản và ảnh hưởng của nó trong hoạt động sản xuất nông nghiệp ở Việt Nam
Cơ sở lí luận chung. Tình hình ứng dụng công nghệ sau thu hoạch trong việc chế biến và bảo quản nông sản nhằm nâng cao hiệu quả nông nghiệp ở nước ta. Ảnh hưởng của việc ứng dụng công nghệ sau thu hoạch đối với sản xuất nông nghiệp...
Guardat en:
| Autor principal: | |
|---|---|
| Altres autors: | |
| Format: | Llibre |
| Idioma: | Vietnamese |
| Publicat: |
Đại học Đà Nẵng
Trường Đại học Sư phạm
2010
|
| Col·lecció: | Khóa luận tốt nghiệp Đại học. Chuyên ngành: Cử nhân Địa lý
|
| Matèries: | |
| Etiquetes: |
Afegir etiqueta
Sense etiquetes, Sigues el primer a etiquetar aquest registre!
|
| Thư viện lưu trữ: | Mạng thư viện Đại học Đà Nẵng |
|---|
| LEADER | 01783nam a2200349 4500 | ||
|---|---|---|---|
| 001 | 000011159 | ||
| 003 | 7391 | ||
| 005 | 20120202100238.0 | ||
| 008 | 120202s2010 viesd | ||
| 041 | |a vie | ||
| 072 | |a Khóa luận tốt nghiệp | ||
| 082 | |a 664.02 |b NG-L | ||
| 100 | 1 | |a Nguyễn, Thị Lê | |
| 245 | 1 | |a Tìm hiểu việc ứng dụng công nghệ sau thu hoạch trong việc chế biến, bảo quản nông sản và ảnh hưởng của nó trong hoạt động sản xuất nông nghiệp ở Việt Nam |c Nguyễn, Thị Lê | |
| 260 | |a Đại học Đà Nẵng |b Trường Đại học Sư phạm |c 2010 | ||
| 300 | |a 58 tr. [3 tr.] |b ảnh m.họa + hình vẽ |c 29 cm | ||
| 490 | |a Khóa luận tốt nghiệp Đại học. Chuyên ngành: Cử nhân Địa lý | ||
| 500 | |a Tham khảo + phụ lục [3 tr.] | ||
| 520 | |a Cơ sở lí luận chung. Tình hình ứng dụng công nghệ sau thu hoạch trong việc chế biến và bảo quản nông sản nhằm nâng cao hiệu quả nông nghiệp ở nước ta. Ảnh hưởng của việc ứng dụng công nghệ sau thu hoạch đối với sản xuất nông nghiệp | ||
| 653 | |a Khóa luận tốt nghiệp Đại học | ||
| 653 | |a Khoa Địa lý | ||
| 700 | 1 | |a Nguyễn, Thị Mây |c Th.S |e Hướng dẫn | |
| OWN | |a LSP | ||
| AVA | |a UDN50 |b LSP |d 664.02 NG-L |e available |t Error 5001 Not defined in file expand_doc_bib_avail. |f 1 |g 0 |h N |i 0 |k 1 | ||
| 999 | |a From the UDN01 | ||
| AVA | |a UDN50 |b LSP |d 664.02 NG-L |e available |t Error 5001 Not defined in file expand_doc_bib_avail. |f 1 |g 0 |h N |i 0 |k 1 | ||
| TYP | |a Monograph | ||
| TYP | |a Printed language | ||
| 980 | |a Mạng thư viện Đại học Đà Nẵng | ||